Soy de la plaza Italia

Guardado en:
Bibliografiske detaljer
Hovedforfatter: Griffero, Ramón
Format: Bog
Sprog:Undetermined
Udgivet: Santiago, Chile Los Andes 1994
Udgivelse:2
Fag:
Tags: Tilføj Tag
Ingen Tags, Vær først til at tagge denne postø!

MARC

LEADER 00000nam a2200000Ia 4500
008 170316s9999 xx 000 0 und d
040 |a cru BVZT 
090 |a 860 G-33s 
100 |a Griffero, Ramón 
245 |a Soy de la plaza Italia 
250 |a 2 
260 |a Santiago, Chile 
260 |b Los Andes 
260 |c 1994 
300 |a 109 páginas 
650 |a LITERATURA LATINOAMERICANA 
999 |c 8767  |d 8767 
942 |c 15 D  |h 860 G-33s  |2 z